000 00493nam a22001937a 4500
003 MPLRDC
005 20220104124641.0
008 210129b ||||| |||| 00| 0 eng d
020 _a978-7-5057-2405-1
082 _a857.75 FT v.9
100 _a飞天
245 _a盗墓之王 9
_c
250 _a一版一刷
260 _a中国
_b中国友谊出版公司
_c2007
300 _b377
520 _a上架2017-08-29。
650 _a中国文学--长篇小说
942 _cBK
_o857.75 FT v.9
999 _c21034
_d21024